| 000 | 01241cam a2200229 4500 | ||
|---|---|---|---|
| 001 | WB3835-22 | ||
| 008 | 020926n2002 000 0 eng u | ||
| 035 | _a(Sirsi) u119871 | ||
| 245 | _aEU farming proposals | ||
| 260 | _c2002 | ||
| 490 |
_aRICS Press Release _v(115) 26 September 2002, (2) |
||
| 520 | _aKey rural organisations meet at RICS headquarters to discuss proposals for reform of the Common Agricultural Policy. Recent research by Harper Adams agricultural college into the suggestions has shown Britain's larger farms will be hardest hit by the proposals. Moving as little as 6% of farmer subsidies to rural development measures will be enough to harm farm incomes. For the RICS Press Release: http://www.rics.org/ricscms/bin/show?class=PressRelease&template=/includes/showpr.html&id=817 For the 'Impact of Modulation Research Report' http://www.rics.org/ricscms/bin/show?class=ResearchReports&template=/includes/showresearch.html&id=29 | ||
| 590 | _aWB | ||
| 650 | _aEUROPEAN UNION | ||
| 650 | _aFARMING POLICIES | ||
| 650 | _aFARM SUBSIDIES | ||
| 650 | _aFARM INCOMES | ||
| 650 | _aSCOTTISH AGRICULTURAL COLLEGE | ||
| 650 | _aCOMMON AGRICULTURAL POLICY | ||
| 690 | _aRURAL-AGRICULTURE AND FORESTRY | ||
| 942 | _n0 | ||
| 999 |
_c71244 _d71244 |
||